Pry pamjatnyku Duchnoviča

Bibliographic Details
Main Author: A.Z (Author)
Format: Article
Language:Ukrainian
Subjects:

MARC

LEADER 00000nab a2200000 a 4500
001 vtls000601327
003 SK-MaSNL
005 20260319073516.0
008 160401c1996 xo 0 ukr
015 |a SNBRB19rr/mm-uuuuu 
035 |a CL0601466 
040 |a SNKBUCL  |b slo  |c SNKBUCL  |e AACR2 
041 0 |a ukr 
044 |a xo  |c SK 
080 |a 070(437.6=875  |2 1981 
080 |a 05  |2 1981 
080 |a 323.15(437.6=875)  |2 1981 
100 1 |a A.Z.  |4 aut  |9 900865 
245 1 0 |a Pry pamjatnyku Duchnoviča  |c A. Z. 
650 0 7 |a Narodny novynky (noviny)  |2 snkbucl  |9 997747 
650 0 7 |a Rusyn (časopis)  |2 snkbucl  |9 992067 
651 7 |a 5407  |2 snkbucl  |9 893769 
655 7 |a články z novín a časopisov  |2 snkbucl  |9 267496 
773 0 |t Narodny novynky  |g Roč. 6, č. 17-18 (1996), s. 4 
850 |a Slovenská národná knižnica v Martine  |a POA001 
852 |a SNK  |b KIS3GCP 
958 |a RN 
958 |a NX 
958 |a SK 
958 |a RK 
958 |a RBX 
999 |c 1616513  |d 1618443